00410 a2200109 4500001001000000005001700010008004100027245007700068100002100145773011700166999001700283ART_1304820260410161817.0260409a 10aLa ejecucion de laudos arbitrales extranjeros contra el Estado Argentino1 aSiseles, Osvaldo0 tRevista Juridica de Buenos AiresgLa tutela judicial efectiva en la justicia administrativa (ene. 2008)wREV4315 c21969d21969